000 00346 a2200157 4500
001 68375
020 _a9783852722832
040 _cAnchieta - Pituba
100 _aCampbell, Robert
240 1 0 _aThe time capsule
_leng
245 1 0 _aThe time capsule
300 _a92
362 0 _a2010
650 4 _aLiteratura juvenil em inglês
942 _cBK
999 _c68375
_d68375